Welche Stadt mit W? - Statistiken

Allgemein
  • Dieses Quiz wurde 61 mal gespielt
  • Das Durchschnittsergebnis liegt bei 13 aus 20
Antwortstatistiken
Hinweis Stadt % Korrekt
das Volkswagenwerk war bis 2023 die größte Fabrik der Welt Wolfsburg
96%
der Name dieser Stadt wurde zu Ehren des ersten US-Präsidenten verliehen Washington
93%
diese Stadt wurde international für den Ausbruch des Corona-Virus bekannt Wuhan
89%
südlichste Hauptstadt der Welt Wellington
87%
ein 1955 zwischen dem Ostblock geschlossener Militärpakt hat seinen Namen von dieser Stadt Warschau
85%
Hafenstadt an der Nordsee, die von dem preußischen König nach ihm benannt wurde Wilhelmshaven
83%
die lokal als "Steffl" bekannte Domkirche ist ein Wahrzeichen des Landes Wien
80%
hier beginnt/endet die Transsibirische Eisenbahn Wladiwostok
78%
1929 schlossen sich die beiden Großstädte Elberfeld und Barmen mit den umliegenden Gemeinden zu dieser Stadt zusammen Wuppertal
76%
beidseits am Main gelegene Großstadt, die Sehenswürdigkeiten wie dieResidenz und die Festung Marienberg zu bieten hat Würzburg
76%
die deutsche Wehrmacht griff die 1942 noch als Stalingrad bekannte Stadt mit dem Versuch sie zu erobern an Wolgograd
70%
in dieser deutsch veranlagten afrikanischen Hauptstadt wird auch das Oktoberfest gefeiert Windhoek
69%
Teile der Altstädte dieser ähnlich klingenden ostdeutschen Städte gehören zum UNESCO-Welterbe Weimar
59%
der jüdische Friedhof der Nibelungenstadt gilt als ältester in Europa Worms
57%
Stadt an der Traun, deren Name eines Fisches gleicht Wels
56%
Wismar
54%
größte Stadt und Hauptort von Manitoba Winnipeg
50%
Großstadt nahe Zürichs Winterthur
41%
Stadt mit über 20 Thermalquellen; der Kochbrunnen in der Innenstadt istdie heißeste Wiesbaden
35%
die als "Air Capital Of The World" bezeichnete Stadt ist ein wichtiger Standort der Flugzeugproduktion Wichita
13%
Keine übereinstimmenden Quizze gefunden
Verteilung der Resultate
Anzahl Personen mit jedem Resultat
Perzentil nach korrekt beantworteten Fragen
Ihre Resultats-Entwicklung
Sie haben dieses Quiz noch nicht gespielt